Kinh điển văn hóa 5000 năm Trung Hoa
Na minha lista:
| Autor principal: | |
|---|---|
| Formato: | Livro |
| Idioma: | Undetermined |
| Publicado em: |
VHTT
2002
|
| Tags: |
Adicionar Tag
Sem tags, seja o primeiro a adicionar uma tag!
|
| Thư viện lưu trữ: | Trung tâm Học liệu Trường Đại học Cần Thơ |
|---|
| LEADER | 00446nam a2200145Ia 4500 | ||
|---|---|---|---|
| 001 | CTU_49831 | ||
| 008 | 210402s9999 xx 000 0 und d | ||
| 082 | |a 951 | ||
| 082 | |b L552/T1 | ||
| 100 | |a DƯƠNG LỰC | ||
| 245 | 0 | |a Kinh điển văn hóa 5000 năm Trung Hoa | |
| 245 | 0 | |c DƯƠNG LỰC; Dịch giả: Tạ Ngọc Ái ...[et al.] | |
| 260 | |b VHTT | ||
| 260 | |c 2002 | ||
| 980 | |a Trung tâm Học liệu Trường Đại học Cần Thơ | ||